000 00367nam a2200145Ia 4500
008 230711s9999||||xx |||||||||||||| ||und||
041 _aENG
082 _a624
_bGU-C
100 _aGurcharan SIngh
245 0 _aCivil Engineering drawing
250 _a5th Ed.
260 _c1988
_aNew Delhi
_bStandard Publishing Distributors
650 _aCivil Engineering
942 _cBK
999 _c426
_d426